Riconosci lo Stato - Quiz n°100 - Statistics

Statistiche generali
  • Questo quiz è stato fatto 45 volte
  • Il punteggio medio è 10 su 13
Statistiche sulle risposte
Indizio Risposta % Corretto
Iniziale della Capitale D
89%
Valuta Scellino
89%
Popolazione 64.044.690 ab.
86%
Fuso Orario UTC+3
86%
Indipendenza dal Regno Unito
9 dicembre 1961 (Tanganica)
10 dicembre 1963 (Zanzibar)
26 aprile 1964 (unificazione)
81%
Primo ministro Kassim Majaliwa
81%
Presidente della Repubblica Samia Suluhu
81%
Superficie 945.090 km²
78%
Forma di Governo Repubblica presidenziale
78%
ISU 0,549
72%
PIL (nominale) 28 247 milioni di $
69%
Tasso di crescita 2,98%
69%
Risposta Tanzania
69%
Nessun quiz corrispondente trovato
Distribuzione punteggi
Percentuale di utenti per punteggio
Percentile per numero di risposta
I tuoi punteggi nel tempo
Non hai fatto questo quiz